000 00674nam a2200217 a 4500
001 18414
003 CO-ViMGA
008 141112s2004 ck r 000 u spa d
020 _a958927286X
040 _aCO-ViMGA
_bspa
_cCO-ViMGA
082 0 4 _a303.6 G659c
100 1 _aGonzales, Jose Jairo
_926218
245 1 0 _aConflictos regionales . Amazonia y Orinoquía
260 _aBogotá,
_cTercer Mundo,
_c1998
300 _a199.p.
590 _aForma de adquisición : Premio - Mincultura
650 1 4 _aAMAZONIA (COLOMBIA - PROBLEMAS SOCIALES
_926219
650 1 4 _aORINOQUIA (COLOMBIA) - PROBLEMAS SOCIALES
_926220
650 1 4 _aSOLUCION DE CONFLICTOS
_954
942 _2ddc
_cBK
999 _c27712
_d27712